000 01979cam a2200385 i 4500
001 2024059927
003 DLC
005 20250618145444.0
008 250324s2025 nyu 000 0deng
010 _a 2024059927
020 _a9781250378651
_q(hardcover)
020 _z9781250378668
_q(ebook)
040 _aDLC
_beng
_erda
_cDLC
_dTnLvILS
042 _apcc
050 0 0 _aBF637.L53
_bG37 2025
082 0 0 _a158.1
_223/eng/20250324
092 _ageneral nonfiction
_b158.1 Gates, Melinda
100 1 _aGates, Melinda,
_d1964-
_eauthor.
_96543146
245 1 4 _aThe next day :
_btransitions, change, and moving forward /
_cMelinda French Gates.
250 _aFirst edition.
264 1 _aNew York :
_bFlatiron Books,
_c2025.
300 _a162 pages ;
_c22 cm
336 _atext
337 _aunmediated
338 _avolume
505 0 _aFind your small wave -- Feel the ease of letting go -- Be a greenhouse -- Distill your inner voice -- Pause in the clearing -- Plant roots -- Emerge.
520 _a"Transitions are moments in which we step out of our familiar surroundings and into a new landscape--a space that, for many people, is shadowed by confusion, fear, and indecision. [This book] accompanies readers as they cross that space, offering guidance on how to make the most of the time between an ending and a new beginning and how to move forward into the next day when the ground beneath you is shifting. ... Melinda will reflect, for the first time in print, on some of the most significant transitions in her own life, including becoming a parent, the death of a dear friend, and her departure from the Gates Foundation"--
600 1 0 _aGates, Melinda,
_d1964-
_96543146
650 0 _aLife change events.
650 0 _aChange (Psychology)
650 0 _aResilience (Personality trait)
650 0 _aLiminality.
_96543147
655 7 _aSelf-help publications.
_2lcgft
_95768964
942 _2ddc
_cBOOK
999 _c406995
_d406995